000 00677nam a2200253Ia 4500
003 OSt
005 20221007103753.0
006 a|||||r|||| 00| 0
007 ta
008 221006b |||||||| |||| 00| 0 eng d
024 _a14,006
037 _cTextual
040 _aLCO
_cLCO
_beng
041 _2eng
_aeng
082 _aZ2,98:30a X724, L1
100 _aLakhotia R.N.
245 0 _aRegistration of Firms and I.T.Law
250 _a1st
260 _aCalcutta
_bAsia Publication House India
_c1971
300 _a236
650 _aREGISTRATION ACT
_9682525
942 _hZ2,98:30a X724, L1
_cTEXL
999 _c1183569
_d1183569